000 00239nam a22000977a 4500
020 _a0064400026
100 _aLaura Ingalls Wilder
245 _aLittle house on the prairie
260 _aNew York
_bHarper & Brothers
_c, 1935
942 _cBK
999 _c264793
_d264792